[Event "Open Nord BDR Aix-en-Provence"]
[Site "?"]
[Date "2006.12.16"]
[Round "3"]
[White "Mallet, Bruno"]
[Black "Mengus, Michel"]
[Result "1-0"]
[WhiteElo "1630"]
[BlackElo "1700"]
[PlyCount "73"]
[SourceDate "2006.10.17"]

1. d4 Nf6 2. c4 c5 3. d5 e6 4. Nc3 d6 5. e4 e5 6. h3 b5 7. cxb5 a6 8. bxa6 Bxa6
9. Bxa6 Rxa6 10. Nf3 Be7 11. O-O O-O 12. Nd2 Nbd7 13. Qe2 Qa8 14. Nc4 Rb8 15.
Bg5 Rb4 16. Bxf6 Nxf6 17. f4 Nd7 18. fxe5 Nxe5 19. Nxe5 dxe5 20. Qc2 Rab6 21.
Rab1 Ra6 22. Rf5 f6 23. Rff1 Bd8 24. a3 Rb7 25. Qd3 Qa7 26. Qc4 Rd6 27. Nb5
Rxb5 28. Qxb5 Kf7 29. Kh1 Be7 30. Rfc1 Rb6 31. Qc4 Ke8 32. Rc3 Rb8 33. Rb3 Rd8
34. Qb5+ Kf8 35. Rc1 Bd6 36. Qb6 Qa4 37. Qxd8+ 1-0

[Event "Open Nord BDR Aix-en-Provence"]
[Site "?"]
[Date "2006.12.16"]
[Round "3"]
[White "Roux, Jean-Marie"]
[Black "Navarro, Bertrand"]
[Result "0-1"]
[WhiteElo "1430"]
[BlackElo "1670"]
[PlyCount "106"]
[SourceDate "2006.10.17"]

1. e4 d6 2. d4 g6 3. Nf3 Bg7 4. Nc3 Nf6 5. Bg5 c6 6. Qd2 Bg4 7. Be2 Bxf3 8.
Bxf3 h6 9. Be3 Qc7 10. Ne2 b5 11. Nf4 Nbd7 12. Ne2 Nb6 13. b3 a5 14. Rc1 Nbd7
15. O-O h5 16. Rfe1 Ng4 17. Ng3 Nxe3 18. Qxe3 Bh6 19. Qd3 Bxc1 20. Rxc1 h4 21.
Ne2 g5 22. d5 Ne5 23. Qc3 b4 24. Qb2 c5 25. c4 Nxf3+ 26. gxf3 O-O-O 27. Kh1 Qd7
28. Ng1 h3 29. a3 g4 30. f4 Qb7 31. axb4 axb4 32. Qa1 Kb8 33. Ne2 e6 34. Qb2 f5
35. Rd1 fxe4 36. Ng3 Rhf8 37. Qd2 exd5 38. cxd5 Qf7 39. Qe2 Rd7 40. f5 Qg8 41.
Qb5+ Rb7 42. Qe2 Re8 43. Kg1 Re5 44. Qc4 Qe8 45. Nh5 Rxf5 46. Ng7 Rxg7 47. Qa6
Ra7 48. Qxd6+ Ka8 49. Qxc5 Rf3 50. Qxb4 Rd3 51. Rc1 e3 52. fxe3 Qxe3+ 53. Kf1
Qxc1+ 0-1

[Event "Open Nord BDR Aix-en-Provence"]
[Site "?"]
[Date "2006.12.16"]
[Round "3"]
[White "De Albera, Pierre"]
[Black "Alpe, Jean-Charles"]
[Result "0-1"]
[WhiteElo "1520"]
[BlackElo "1640"]
[PlyCount "100"]
[SourceDate "2006.10.17"]

1. d4 d5 2. c4 e6 3. a3 Nf6 4. Nc3 Be7 5. Nf3 O-O 6. e3 b6 7. cxd5 Nxd5 8. Bd3
Nxc3 9. bxc3 Bb7 10. O-O Nd7 11. e4 c5 12. Be3 Rc8 13. Qe2 Nf6 14. Nd2 cxd4 15.
cxd4 Qd7 16. Ba6 Rc2 17. Bxb7 Qxb7 18. f3 Rfc8 19. Rfd1 R8c3 20. Bf2 Bxa3 21.
Qb5 Bf8 22. Qa6 Qxa6 23. Rxa6 Ra3 24. Rxa3 Bxa3 25. Bg3 Rc1 26. Rxc1 Bxc1 27.
Nc4 Nd7 28. d5 exd5 29. exd5 Kf8 30. Ne5 Nxe5 31. Bxe5 f6 32. Bd4 Ke7 33. Kf2
Kd6 34. Bc3 Kxd5 35. Bb4 Kc4 36. Bf8 g6 37. Ke2 a5 38. Bg7 f5 39. Kd1 Be3 40.
Kc2 b5 41. Be5 a4 42. Bd6 b4 43. Kb1 b3 44. Ba3 Kd3 45. Bd6 Ke2 46. Bg3 Kf1 47.
f4 Kxg2 48. Kb2 Bg1 49. Bh4 Bxh2 50. Bg5 Kf3 0-1

[Event "Open Nord BDR Aix-en-Provence"]
[Site "?"]
[Date "2006.12.16"]
[Round "3"]
[White "Maggio, Stephane"]
[Black "Brunie, Luce"]
[Result "1-0"]
[WhiteElo "1499"]
[BlackElo "1310"]
[PlyCount "88"]
[SourceDate "2006.10.17"]

1. c4 e5 2. Nc3 Nf6 3. g3 c6 4. Bg2 Bb4 5. Nf3 d6 6. O-O O-O 7. Qc2 Bg4 8. a3
Bxc3 9. Qxc3 e4 10. Ng5 d5 11. cxd5 cxd5 12. e3 h6 13. Nh3 Nc6 14. b4 Rc8 15.
d3 Bf3 16. dxe4 Bxg2 17. Kxg2 dxe4 18. Bb2 Ne7 19. Qb3 Qd5 20. Qd1 Qf5 21. Bd4
Rfd8 22. Qe2 Nc6 23. Bxf6 Qxf6 24. Rfd1 Qe5 25. Ra2 Qe6 26. Rxd8+ Rxd8 27. Rd2
Qe7 28. Qd1 Rxd2 29. Qxd2 Ne5 30. Qd4 Nc6 31. Qd5 Kh7 32. Nf4 Qf6 33. b5 Nd8
34. Qxe4+ g6 35. a4 Qb2 36. Qe8 Qd2 37. Qe4 Kg7 38. h4 h5 39. Qe5+ Kg8 40. Qd5
Qa5 41. Nd3 a6 42. Qd7 axb5 43. axb5 Qb6 44. Ne5 Ne6 1-0

[Event "Open Nord BDR Aix-en-Provence"]
[Site "?"]
[Date "2007.01.13"]
[Round "4"]
[White "Baquer, Marc"]
[Black "Desormes, Olivier"]
[Result "1-0"]
[WhiteElo "1800"]
[BlackElo "1860"]
[PlyCount "64"]
[EventDate "2007.??.??"]
[SourceDate "2006.10.17"]

1. d4 d5 2. Bg5 h6 3. Bh4 g5 4. Bg3 Bf5 5. e3 e6 6. Bb5+ c6 7. Be2 Nf6 8. Be5
Nbd7 9. Nf3 Nxe5 10. Nxe5 Nd7 11. Nxd7 Qxd7 12. Nd2 O-O-O 13. c4 Bd6 14. c5 Bc7
15. a4 e5 16. b4 a5 17. b5 exd4 18. bxc6 Qxc6 19. Bb5 Qxc5 20. Rc1 Qd6 21. Nb3
Qb4+ 22. Kf1 dxe3 23. fxe3 Qe7 24. Nd4 Bd7 25. Qb3 Bxb5+ 26. Nxb5 Qf6+ 27. Ke2
Rd7 28. Rhf1 Qg6 29. Qc3 d4 30. Qxa5 Qh5+ 31. Ke1 Re7 32. Rxc7+ Kd8 1-0

[Event "Open Nord BDR Aix-en-Provence"]
[Site "?"]
[Date "2007.01.13"]
[Round "4"]
[White "Navarro, Bertrand"]
[Black "Derien, Robert"]
[Result "1/2-1/2"]
[WhiteElo "1650"]
[BlackElo "1879"]
[PlyCount "121"]
[EventDate "2007.??.??"]
[SourceDate "2006.10.17"]

1. e4 e5 2. Nf3 Nc6 3. Bb5 d6 4. d4 a6 5. Bxc6+ bxc6 6. dxe5 Bg4 7. exd6 Bxd6
8. O-O Ne7 9. Bg5 f6 10. Bh4 Ng6 11. Bg3 Ne5 12. Bxe5 fxe5 13. h3 Bh5 14. Qd3
O-O 15. Nbd2 Bf7 16. Nc4 Qe7 17. Rad1 Rfd8 18. Qe2 a5 19. Rd2 a4 20. a3 Qe6 21.
Ne3 h6 22. Rfd1 Rdb8 23. c4 Rb3 24. Rd3 Rab8 25. Rxb3 Rxb3 26. Rd3 Rb8 27. Rc3
Bc5 28. Rc2 Rd8 29. Ng4 Bd4 30. Nxd4 exd4 31. c5 h5 32. Nh2 d3 33. Qd2 Qxe4 34.
Rc1 Qe2 35. Rd1 Rd5 36. Nf3 Rxc5 37. Qxd3 Qxd3 38. Rxd3 Rc1+ 39. Kh2 Bd5 40.
Nd4 Rf1 41. Rd2 Kf7 42. Nf5 Kf6 43. Ne3 Rb1 44. f4 h4 45. Nxd5+ cxd5 46. Rxd5
Rxb2 47. Ra5 Rb3 48. Rxa4 Kf5 49. Rc4 Rxa3 50. Rxc7 g6 51. Rc4 Re3 52. Rc8 Kxf4
53. Rg8 g5 54. Rf8+ Ke4 55. Re8+ Kd4 56. Rxe3 Kxe3 57. g3 Kf3 58. gxh4 gxh4 59.
Kh1 Kg3 60. Kg1 Kxh3 61. Kh1 1/2-1/2

[Event "Open Nord BDR Aix-en-Provence"]
[Site "?"]
[Date "2007.01.13"]
[Round "4"]
[White "Marcou, Thomas"]
[Black "Garcia, Robustiano"]
[Result "0-1"]
[WhiteElo "1270"]
[BlackElo "1700"]
[PlyCount "48"]
[EventDate "2007.??.??"]
[SourceDate "2006.10.17"]

1. e4 d6 2. d4 Nf6 3. Nc3 g6 4. Nf3 Bg7 5. Be3 O-O 6. Qd2 Bg4 7. Bh6 Bxf3 8.
Bxg7 Kxg7 9. gxf3 Nc6 10. Bb5 Rb8 11. Bxc6 bxc6 12. O-O-O Qc8 13. Rhg1 Qb7 14.
b3 Qb4 15. Rg3 Qa3+ 16. Kb1 a5 17. Rdg1 a4 18. Nxa4 Qxa4 19. Rh3 Ng8 20. Qf4
Qxd4 21. Qh4 h6 22. Rg5 Qf6 23. f4 e5 24. f5 Qxg5 0-1

[Event "Open Nord BDR Aix-en-Provence"]
[Site "?"]
[Date "2007.01.13"]
[Round "4"]
[White "Alpe, Jean-Charles"]
[Black "Montanelli, Tristan"]
[Result "0-1"]
[WhiteElo "1650"]
[BlackElo "1690"]
[PlyCount "140"]
[EventDate "2007.??.??"]
[SourceDate "2006.10.17"]

1. c4 b6 2. Nc3 Bb7 3. e4 e6 4. g3 Bb4 5. Bg2 Ne7 6. a3 Bxc3 7. bxc3 d5 8. cxd5
exd5 9. exd5 Bxd5 10. Nf3 Nd7 11. O-O O-O 12. Re1 Rc8 13. d3 c5 14. c4 Ba8 15.
Bg5 Re8 16. Re3 Nf8 17. Bxe7 Rxe7 18. Qe2 Ne6 19. Re1 h6 20. Bh3 Bxf3 21. Qxf3
Ng5 22. Qg2 Rxe3 23. Rxe3 Rc7 24. Bf5 g6 25. Be4 Ne6 26. Qf1 Nd4 27. Qd1 Qf6
28. Bd5 Re7 29. a4 Kg7 30. Rxe7 Qxe7 31. Kf1 Qd7 32. Bg2 Qe6 33. Qe1 Qxe1+ 34.
Kxe1 a5 35. f4 g5 36. fxg5 hxg5 37. Kd2 Kf6 38. g4 Ke5 39. Ke3 f6 40. Be4 Nc2+
41. Kd2 Nb4 42. Ke3 Nc2+ 43. Kd2 Nd4 44. Ke3 Ne6 45. Bf3 Ng7 46. Be4 Ne8 47.
Bf3 Nd6 48. Be4 Nxe4 49. dxe4 Ke6 50. Kf3 Kd6 51. Ke3 Ke5 52. h3 Kd6 53. Kd3
Ke6 54. e5 Kxe5 55. Ke3 Kd6 56. Kd3 Ke5 57. Ke3 f5 58. gxf5 Kxf5 59. Kf3 Ke5
60. Ke3 Kd6 61. Ke4 Ke6 62. Ke3 Ke5 63. Kf3 Kd4 64. Kg4 Kxc4 65. Kxg5 Kb3 66.
h4 c4 67. h5 c3 68. h6 c2 69. Kg6 c1=Q 70. h7 Qg1+ 0-1

[Event "Open Nord BDR Aix-en-Provence"]
[Site "?"]
[Date "2007.01.13"]
[Round "4"]
[White "Blondelon, Claude"]
[Black "Naumann, Matthias"]
[Result "1/2-1/2"]
[WhiteElo "1550"]
[BlackElo "1700"]
[PlyCount "51"]
[EventDate "2007.??.??"]
[SourceDate "2006.10.17"]

1. d4 Nf6 2. c4 e6 3. Nf3 d5 4. Nc3 Be7 5. e3 O-O 6. Be2 b6 7. Nd2 Bb7 8. Bf3
c6 9. O-O Qc7 10. cxd5 exd5 11. e4 dxe4 12. Ncxe4 Nxe4 13. Nxe4 Nd7 14. Be3 Nf6
15. Ng3 Rad8 16. Qc1 Nd5 17. Nf5 Bf6 18. Bg5 Bxg5 19. Qxg5 f6 20. Qc1 Qd7 21.
Bg4 Qf7 22. Re1 Kh8 23. Qd2 Bc8 24. Ne3 Bxg4 25. Nxg4 Rfe8 26. Ne3 1/2-1/2

[Event "Open Nord BDR Aix-en-Provence"]
[Site "?"]
[Date "2007.01.13"]
[Round "4"]
[White "Hernandez, Jean-Pierre"]
[Black "Maggio, Stephane"]
[Result "1-0"]
[WhiteElo "1730"]
[BlackElo "1499"]
[PlyCount "115"]
[EventDate "2007.??.??"]
[SourceDate "2006.10.17"]

1. d4 d5 2. Nf3 Nf6 3. Bf4 e6 4. Nbd2 Bd6 5. Bxd6 Qxd6 6. e3 Nc6 7. a3 O-O 8.
Be2 e5 9. dxe5 Nxe5 10. O-O Be6 11. Nd4 Bg4 12. h3 Bxe2 13. Qxe2 c6 14. b4 Rfe8
15. Rfc1 b6 16. c4 dxc4 17. Nxc4 Nxc4 18. Qxc4 Rac8 19. Nxc6 Kf8 20. b5 Re4 21.
Qc2 Qc7 22. Rd1 Re6 23. Rac1 Qb7 24. Rd8+ Re8 25. Rcd1 Rexd8 26. Rxd8+ Rxd8 27.
Nxd8 Qd5 28. Nc6 Qxb5 29. Nxa7 Qa6 30. Qc8+ Qxc8 31. Nxc8 Nd7 32. f3 Ke8 33.
Kf2 Kd8 34. Nd6 Ke7 35. Nf5+ Kf6 36. g4 Ne5 37. Nd4 Nc4 38. Nc2 Ke5 39. h4 f5
40. f4+ Ke4 41. gxf5 Kxf5 42. Kf3 Nd2+ 43. Ke2 Ne4 44. Kd3 Nf2+ 45. Kc4 Kg4 46.
Nd4 Kxh4 47. Nf5+ Kg4 48. Nxg7 h5 49. Nxh5 Kxh5 50. Kb5 Ne4 51. Kxb6 Kg4 52. a4
Nd6 53. a5 Kf5 54. a6 Nc8+ 55. Kc7 Na7 56. Kb7 Nb5 57. a7 Nxa7 58. Kxa7 1-0

[Event "Open Nord BDR Aix-en-Provence"]
[Site "?"]
[Date "2007.01.13"]
[Round "4"]
[White "Gomez, Jean-Luc"]
[Black "Roux, Jean-Marie"]
[Result "1-0"]
[WhiteElo "1640"]
[BlackElo "1390"]
[PlyCount "81"]
[EventDate "2007.??.??"]
[SourceDate "2006.10.17"]

1. d4 d5 2. Nf3 Nf6 3. e3 Nc6 4. Bd3 Bg4 5. Nbd2 e5 6. dxe5 Nxe5 7. Be2 Bd6 8.
O-O O-O 9. b3 Ng6 10. Bb2 Ne4 11. Re1 Qd7 12. Rc1 Rfe8 13. c4 c6 14. cxd5 cxd5
15. Nd4 Bxe2 16. Qxe2 Be5 17. N2f3 Bf6 18. Red1 Rad8 19. Rc2 Kf8 20. Rdc1 Nh4
21. Rc7 Qg4 22. Ba3+ Kg8 23. Nxh4 Qxh4 24. g3 Qh3 25. Rxb7 Bxd4 26. exd4 Ng5
27. Qd1 Qf5 28. Be7 Nh3+ 29. Kg2 Qe4+ 30. f3 Qf5 31. Bxd8 Rxd8 32. Rxa7 Ng5 33.
g4 Qf4 34. Rcc7 Rf8 35. Rd7 f5 36. Rxg7+ Kh8 37. h4 Ne6 38. Rxh7+ Kg8 39. Qe2
fxg4 40. Qxe6+ Rf7 41. Qg6+ 1-0

[Event "Open Nord BDR Aix-en-Provence"]
[Site "?"]
[Date "2007.01.13"]
[Round "4"]
[White "Mengus, Michel"]
[Black "Lucas, Jacques"]
[Result "1/2-1/2"]
[WhiteElo "1680"]
[BlackElo "1500"]
[PlyCount "157"]
[EventDate "2007.??.??"]
[SourceDate "2006.10.17"]

1. e4 d6 2. d4 Nf6 3. Nc3 g6 4. Nf3 Bg7 5. Bd3 O-O 6. h3 Nc6 7. Be3 e5 8. d5
Ne7 9. Qd2 Nd7 10. Bh6 f5 11. Bxg7 Kxg7 12. exf5 Nxf5 13. O-O-O a6 14. Ne4 b6
15. h4 Nc5 16. Nxc5 bxc5 17. h5 Rh8 18. hxg6 hxg6 19. Ng5 Bd7 20. f4 exf4 21.
Qxf4 Qf6 22. Rde1 Rab8 23. Rxh8 Rxh8 24. c3 Rh4 25. Qd2 Rh8 26. Bxa6 Rh5 27.
Ne6+ Bxe6 28. Rxe6 Qg5 29. Bd3 Qxd2+ 30. Kxd2 Kf7 31. g4 Rh2+ 32. Kc1 Ne7 33.
c4 Rg2 34. Re4 g5 35. Be2 Ng6 36. a4 Nf4 37. Kd2 Nxe2 38. Rxe2 Rxg4 39. Kd3 Rg1
40. Ke4 Rg4+ 41. Kd3 Rg1 42. b3 g4 43. Ra2 g3 44. Ke3 Rc1 45. Kf3 Rc3+ 46. Kg2
Rxb3 47. a5 Ke7 48. a6 Rb8 49. Kxg3 Kd7 50. Kf4 c6 51. dxc6+ Kxc6 52. Ke4 Ra8
53. a7 Kb6 54. Kd5 Kc7 55. Ra6 Kb7 56. Rxd6 Kxa7 57. Kxc5 Kb7 58. Kd5 Ra1 59.
Rg6 Rc1 60. Kc5 Kc7 61. Rg4 Kd7 62. Rg7+ Kc8 63. Kd5 Rd1+ 64. Kc6 Kd8 65. c5
Rc1 66. Rg5 Rd1 67. Re5 Rc1 68. Rh5 Rc2 69. Rh7 Rc1 70. Rh8+ Ke7 71. Kb6 Rb1+
72. Kc7 Ke6 73. Rh6+ Kd5 74. Rb6 Rc1 75. c6 Kc5 76. Kb7 Kd6 77. c7+ Kd7 78.
c8=Q+ Rxc8 79. Rd6+ 1/2-1/2

[Event "Open Nord BDR Aix-en-Provence"]
[Site "?"]
[Date "2007.01.13"]
[Round "4"]
[White "Brunie, Luce"]
[Black "De Albera, Pierre"]
[Result "0-1"]
[WhiteElo "1340"]
[BlackElo "1520"]
[PlyCount "56"]
[EventDate "2007.??.??"]
[SourceDate "2006.10.17"]

1. Nf3 c6 2. d4 d5 3. Bf4 Nf6 4. Nc3 Bf5 5. e3 e6 6. a3 Be7 7. Be2 Bg4 8. O-O
O-O 9. Bd3 Nbd7 10. Re1 c5 11. Be2 cxd4 12. exd4 Rc8 13. Bd3 Nb6 14. Nb5 a6 15.
Nc3 Nc4 16. Bc1 b5 17. b3 Nd6 18. Bb2 Qb6 19. Be2 Rc7 20. Ne5 Bxe2 21. Nxe2
Rfc8 22. Rc1 Nfe4 23. f4 Nf5 24. Rf1 Ne3 25. Qd3 Nxf1 26. Kxf1 Bh4 27. c3 Be7
28. Qf3 Nd2+ 0-1

[Event "Open Nord BDR Aix-en-Provence"]
[Site "?"]
[Date "2007.02.04"]
[Round "5"]
[White "Baquer, Marc"]
[Black "Larribere, Hadrien"]
[Result "1/2-1/2"]
[WhiteElo "1800"]
[BlackElo "1810"]
[PlyCount "130"]
[EventDate "2007.??.??"]
[SourceDate "2006.10.17"]

1. d4 d5 2. Bg5 Nf6 3. e3 Bf5 4. Bxf6 exf6 5. Bd3 Bxd3 6. Qxd3 c6 7. c4 dxc4 8.
Qxc4 Nd7 9. Nc3 Nb6 10. Qd3 Qd7 11. Nge2 Be7 12. O-O O-O 13. Rad1 Rad8 14. Qc2
Qc8 15. Qb3 Rfe8 16. a4 Nd5 17. Nxd5 Rxd5 18. Nc3 Rdd8 19. d5 a5 20. dxc6 bxc6
21. Rc1 Qa6 22. Qc2 Rb8 23. Ne4 Rec8 24. Rfd1 c5 25. Rd7 Bf8 26. Nc3 Rb7 27.
Rcd1 Rxd7 28. Rxd7 c4 29. Qd2 Qc6 30. Qd5 Qxd5 31. Rxd5 Bb4 32. Kf1 Kf8 33. Ke2
Ke7 34. Rb5 Ke8 35. Nd5 c3 36. bxc3 Bxc3 37. Nxc3 Rxc3 38. Rxa5 Ra3 39. Ra7
Ra2+ 40. Kf3 g6 41. a5 Kf8 42. a6 Kg7 43. Ra8 f5 44. a7 g5 45. Kg3 h6 46. h4
Ra4 47. hxg5 hxg5 48. Kf3 Ra2 49. g4 Ra5 50. gxf5 Rxf5+ 51. Kg4 Ra5 52. e4 Kf6
53. e5+ Kg7 54. f4 gxf4 55. Kxf4 Ra4+ 56. Ke3 Kh7 57. Kd3 Kg7 58. Kc3 Kh7 59.
Kb3 Ra1 60. Kc4 Kg7 61. Kc5 Rc1+ 62. Kb6 Rb1+ 63. Kc7 Rc1+ 64. Kd7 Rd1+ 65. Ke7
Ra1 1/2-1/2

[Event "Open Nord BDR Aix-en-Provence"]
[Site "?"]
[Date "2007.02.04"]
[Round "5"]
[White "Montanelli, Tristan"]
[Black "Garcia, Robustiano"]
[Result "1-0"]
[WhiteElo "1690"]
[BlackElo "1700"]
[PlyCount "55"]
[EventDate "2007.??.??"]
[SourceDate "2006.10.17"]

1. f4 Nf6 2. Nf3 g6 3. c3 Bg7 4. d3 O-O 5. e4 d6 6. Be2 c5 7. O-O Nc6 8. Na3
Bd7 9. Nc2 Qb6 10. h3 c4+ 11. Kh1 Nh5 12. Qe1 cxd3 13. Bxd3 e5 14. f5 Qd8 15.
g4 Nf6 16. Ne3 Ne7 17. Ng1 Bc6 18. Ng2 d5 19. g5 dxe4 20. gxf6 Nxf5 21. fxg7
Kxg7 22. Bc4 b5 23. Bb3 a5 24. Rxf5 gxf5 25. Qg3+ Kh8 26. Qxe5+ f6 27. Qxf5 Qd3
28. Be3 1-0

[Event "Open Nord BDR Aix-en-Provence"]
[Site "?"]
[Date "2007.02.04"]
[Round "5"]
[White "Derien, Robert"]
[Black "Hernandez, Jean-Pierre"]
[Result "1-0"]
[WhiteElo "1879"]
[BlackElo "1730"]
[PlyCount "83"]
[EventDate "2007.??.??"]
[SourceDate "2006.10.17"]

1. e4 c6 2. d4 d5 3. Nc3 g6 4. Bd3 Bg7 5. e5 Nh6 6. Nge2 O-O 7. Bg5 f6 8. exf6
exf6 9. Bh4 Nf5 10. Bg3 Nxg3 11. hxg3 Nd7 12. Nf4 Re8+ 13. Nce2 Nf8 14. Qd2 Qb6
15. c3 a5 16. O-O-O Be6 17. Nxe6 Rxe6 18. Nf4 Re7 19. Rh3 a4 20. a3 Rae8 21.
Rdh1 Qc7 22. Qc2 Re1+ 23. Rxe1 Rxe1+ 24. Kd2 Qe7 25. c4 Rg1 26. Be2 f5 27. cxd5
Bxd4 28. Nd3 cxd5 29. Qxa4 Bf6 30. Qb3 Qd8 31. Bf3 Qa5+ 32. Ke2 Kh8 33. Bxd5 b6
34. Bg8 Bg5 35. Kf3 Qa8+ 36. Bd5 Qa5 37. Ne5 Kg7 38. Bg8 Qa8+ 39. Bd5 Ne6 40.
Qd3 Qa4 41. Bxe6 Rd1 42. Qc4 1-0

[Event "Open Nord BDR Aix-en-Provence"]
[Site "?"]
[Date "2007.02.04"]
[Round "5"]
[White "Desormes, Olivier"]
[Black "Navarro, Bertrand"]
[Result "0-1"]
[WhiteElo "1860"]
[BlackElo "1650"]
[PlyCount "103"]
[EventDate "2007.??.??"]
[SourceDate "2006.10.17"]

1. d4 d6 2. Nf3 g6 3. Bf4 Bg7 4. e4 Nf6 5. Nbd2 Nbd7 6. Be2 c5 7. c3 cxd4 8.
cxd4 O-O 9. O-O b6 10. Be3 Ng4 11. Rc1 Nxe3 12. fxe3 Bb7 13. Qb3 e6 14. Rc3 Rc8
15. Rfc1 Rxc3 16. Qxc3 Qa8 17. Qa3 Qb8 18. Ba6 d5 19. e5 Rc8 20. Rxc8+ Qxc8 21.
Bxb7 Qxb7 22. Qc3 Qa6 23. a3 Qe2 24. Nf1 Qc4 25. Kf2 Qxc3 26. bxc3 b5 27. N1d2
Bf8 28. Nb1 Nb6 29. Nfd2 a5 30. Ke2 a4 31. Kd3 Nc4 32. Nxc4 bxc4+ 33. Ke2 Kg7
34. Kf3 f6 35. exf6+ Kxf6 36. e4 h5 37. h3 Bh6 38. exd5 exd5 39. g4 Bc1 40. h4
g5 41. hxg5+ Kxg5 42. gxh5 Kxh5 43. Ke2 Kg4 44. Kf2 Kf4 45. Ke2 Ke4 46. Kd1 Bg5
47. Kc2 Bh6 48. Kb2 Kd3 49. Ka1 Bc1 50. Ka2 Kc2 51. Ka1 Bb2+ 52. Ka2 0-1

[Event "Open Nord BDR Aix-en-Provence"]
[Site "?"]
[Date "2007.02.10"]
[Round "5"]
[White "Naumann, Matthias"]
[Black "Mallet, Bruno"]
[Result "0-1"]
[WhiteElo "1700"]
[BlackElo "1630"]
[PlyCount "62"]
[EventDate "2007.??.??"]
[SourceDate "2006.10.17"]

1. d4 d5 2. c4 e6 3. Nc3 Nf6 4. Nf3 Be7 5. Bf4 c6 6. e3 Nbd7 7. c5 O-O 8. Bd3
b6 9. b4 Bb7 10. O-O Nh5 11. Bg3 Nxg3 12. hxg3 Bf6 13. Qc2 h6 14. Rfc1 e5 15.
dxe5 Nxe5 16. Nxe5 Bxe5 17. cxb6 axb6 18. a3 d4 19. exd4 Qxd4 20. Ra2 Rfd8 21.
Be2 Bxg3 22. Bf3 Bh4 23. b5 Rac8 24. bxc6 Bxc6 25. Bxc6 Rxc6 26. Qb3 Rdc8 27.
Rac2 Qc4 28. Rb2 Qxb3 29. Rxb3 Bf6 30. Rcb1 Rxc3 31. Rxb6 Rxa3 0-1

[Event "Open Nord BDR Aix-en-Provence"]
[Site "?"]
[Date "2007.02.04"]
[Round "5"]
[White "Gomez, Jean-Luc"]
[Black "Blondelon, Claude"]
[Result "1-0"]
[WhiteElo "1640"]
[BlackElo "1550"]
[PlyCount "93"]
[EventDate "2007.??.??"]
[SourceDate "2006.10.17"]

1. d4 Nf6 2. Nf3 e6 3. e3 b6 4. Bd3 Bb7 5. Nbd2 Be7 6. O-O d6 7. Re1 O-O 8. c3
Nbd7 9. Qc2 Re8 10. Ng5 Nf8 11. e4 e5 12. dxe5 dxe5 13. Ngf3 Ng6 14. Nc4 Nd7
15. Be3 Bf6 16. Rad1 Qe7 17. Be2 Rad8 18. Ncd2 Ndf8 19. Bb5 c6 20. Bd3 Rd7 21.
Nf1 Red8 22. Ng3 Qe8 23. Nf5 Nf4 24. Bxf4 exf4 25. e5 Be7 26. Nd6 Rxd6 27. exd6
Rxd6 28. Bxh7+ Nxh7 29. Rxd6 Bc8 30. Qd2 Qf8 31. Rd4 g5 32. Rde4 Be6 33. Nd4
Qh6 34. Nxe6 fxe6 35. Rxe6 Bf6 36. Qd6 c5 37. Qd5 Kf7 38. Qd7+ Kg6 39. Qxa7 g4
40. g3 f3 41. Qd7 Qh3 42. Qd3+ Kf7 43. Qf1 Ng5 44. Qxh3 Nxh3+ 45. Kf1 Ng5 46.
Rxb6 Nh7 47. a4 1-0

[Event "Open Nord BDR Aix-en-Provence"]
[Site "?"]
[Date "2007.02.04"]
[Round "5"]
[White "Roux, Jean-Marie"]
[Black "Alpe, Jean-Charles"]
[Result "0-1"]
[WhiteElo "1390"]
[BlackElo "1650"]
[PlyCount "136"]
[EventDate "2007.??.??"]
[SourceDate "2006.10.17"]

1. e4 e5 2. Nf3 Nf6 3. Nc3 Bb4 4. Nd5 Nxd5 5. exd5 d6 6. Bc4 O-O 7. c3 Bc5 8.
a4 a6 9. b4 Ba7 10. a5 Bg4 11. Be2 Nd7 12. d3 h6 13. O-O Nf6 14. c4 e4 15. Ne1
Bxe2 16. Qxe2 Re8 17. Bf4 Qd7 18. Qd2 Bd4 19. Rb1 Be5 20. Be3 Ng4 21. g3 Nxe3
22. Qxe3 exd3 23. Qxd3 Bf6 24. Ng2 Re7 25. Rbe1 Rae8 26. Rxe7 Rxe7 27. Re1 Qa4
28. Rb1 Qe8 29. h4 g6 30. Ne3 h5 31. Ng2 Re4 32. Qc2 Re2 33. Qd3 Re4 34. Qc2
Bd4 35. Nf4 Qe5 36. Qd2 Bc3 37. Qd3 Re1+ 38. Rxe1 Qxe1+ 39. Kg2 Qe5 40. Qb1 Kg7
41. b5 Bxa5 42. Qa2 Bb6 43. bxa6 bxa6 44. Qxa6 Kh6 45. Qc8 Qe4+ 46. Kh2 Kg7 47.
Qd7 Kf6 48. Qd8+ Qe7 49. Qxe7+ Kxe7 50. Kg2 Kf6 51. Kf3 Ke5 52. Nd3+ Kd4 53.
Nb2 Kc3 54. Na4+ Kxc4 55. Nxb6+ cxb6 56. Ke3 Kc3 57. Ke2 Kd4 58. Kd2 Kxd5 59.
Kc3 Kc5 60. f4 d5 61. Kd3 b5 62. Kc3 d4+ 63. Kb3 b4 64. Kc2 Kc4 65. Kd2 b3 66.
Kc1 d3 67. f5 gxf5 68. Kd2 b2 0-1

[Event "Open Nord BDR Aix-en-Provence"]
[Site "?"]
[Date "2007.02.04"]
[Round "5"]
[White "De Albera, Pierre"]
[Black "Maggio, Stephane"]
[Result "1/2-1/2"]
[WhiteElo "1520"]
[BlackElo "1499"]
[PlyCount "160"]
[EventDate "2007.??.??"]
[SourceDate "2006.10.17"]

1. d4 d5 2. g3 Nf6 3. Bg2 Bf5 4. Nc3 c6 5. Nf3 Nbd7 6. O-O e6 7. Nh4 Bg6 8.
Nxg6 hxg6 9. Bg5 Qc7 10. Re1 O-O-O 11. a3 e5 12. e3 exd4 13. Qxd4 Re8 14. Ne2
Qe5 15. Bxf6 gxf6 16. Qxa7 Bd6 17. b4 Bb8 18. Qa4 Nb6 19. Qb3 g5 20. Nd4 Nc4
21. Nf3 Qb2 22. Qd3 Ne5 23. Qf5+ Nd7 24. Reb1 Qc3 25. Ra2 Be5 26. Qd3 Qxd3 27.
cxd3 g4 28. Nh4 Nf8 29. d4 Bc7 30. b5 Ng6 31. Nf5 Ne7 32. Nxe7+ Rxe7 33. bxc6
bxc6 34. Bf1 Ba5 35. Ba6+ Kc7 36. Rb7+ Kd6 37. Rxe7 Kxe7 38. Rb2 Ra8 39. Rb7+
Ke6 40. Bd3 f5 41. a4 Bd2 42. Rb2 Bc1 43. Ra2 Ra5 44. Rc2 Ba3 45. Rxc6+ Ke7 46.
Bb5 Bd6 47. Ra6 Rxa6 48. Bxa6 Bb4 49. Kg2 Ba5 50. h3 gxh3+ 51. Kxh3 f6 52. Bb7
Kd6 53. Bc8 Be1 54. Kg2 f4 55. gxf4 Ba5 56. f3 Ke7 57. f5 Kd6 58. Ba6 Bb4 59.
Kf2 Kc7 60. Ke2 Ba5 61. Kd3 Kd6 62. e4 Bb6 63. Bb7 dxe4+ 64. fxe4 Ba5 65. Kc4
Bb6 66. Ba6 Kc6 67. Bc8 Ba5 68. Be6 Bb6 69. Bf7 Kd6 70. Bh5 Ba5 71. Kb5 Bc3 72.
a5 Bxd4 73. Bf7 Be3 74. a6 Bd4 75. Bd5 Be3 76. Kc4 Kc7 77. Kd3 Ba7 78. Ke2 Kb6
79. Bb7 Bb8 80. Kf3 Be5 1/2-1/2

[Event "Open Nord BDR Aix-en-Provence"]
[Site "?"]
[Date "2007.02.04"]
[Round "5"]
[White "Lucas, Jacques"]
[Black "Brunie, Luce"]
[Result "0-1"]
[WhiteElo "1500"]
[BlackElo "1340"]
[PlyCount "64"]
[EventDate "2007.??.??"]
[SourceDate "2006.10.17"]

1. d4 f5 2. Nf3 Nf6 3. c4 e6 4. a3 c5 5. e3 Be7 6. Nc3 O-O 7. Bd3 cxd4 8. exd4
d5 9. c5 Nc6 10. b4 b6 11. Na4 bxc5 12. Nxc5 Bd6 13. O-O e5 14. dxe5 Nxe5 15.
Nxe5 Bxe5 16. Rb1 Qc7 17. g3 f4 18. Qf3 fxg3 19. fxg3 Bg4 20. Qxd5+ Nxd5 21.
Rxf8+ Rxf8 22. Kg2 Qc6 23. Bc4 Bf3+ 24. Kg1 Bd4+ 25. Kf1 Be4+ 26. Bf4 Bxb1 27.
Ke2 Bxc5 28. bxc5 Qxc5 29. Bxd5+ Qxd5 30. Kf2 Qa2+ 31. Kg1 Re8 32. Kf1 Bd3+ 0-1

[Event "Open Nord BDR Aix-en-Provence"]
[Site "?"]
[Date "2007.02.17"]
[Round "6"]
[White "Navarro, Bertrand"]
[Black "Baquer, Marc"]
[Result "1/2-1/2"]
[WhiteElo "1650"]
[BlackElo "1800"]
[PlyCount "74"]
[EventDate "2007.??.??"]
[SourceDate "2006.10.17"]

1. d4 Nf6 2. Nc3 g6 3. e4 d6 4. f4 Bg7 5. Nf3 O-O 6. Be3 Ng4 7. Bg1 e6 8. h3
Nf6 9. Qd2 b6 10. g4 Bb7 11. Bd3 Nc6 12. a3 Ne7 13. O-O-O Nd7 14. h4 Nf6 15.
Qg2 c5 16. e5 Nfd5 17. Nxd5 Nxd5 18. Qg3 cxd4 19. Bxd4 dxe5 20. fxe5 Qc7 21. h5
Rac8 22. hxg6 Ba6 23. gxf7+ Rxf7 24. Bxh7+ Kf8 25. Ng5 Nf4 26. Qxf4 Rxf4 27.
Nxe6+ Ke7 28. Nxc7 Rxc7 29. Bc3 Rxg4 30. Bf5 Rg5 31. Rh7 Rxf5 32. Rxg7+ Rf7 33.
Rxf7+ Kxf7 34. Rd6 Bc4 35. Kd2 Be6 36. Ke3 Rc4 37. Kd2 Rc7 1/2-1/2

[Event "Open Nord BDR Aix-en-Provence"]
[Site "?"]
[Date "2007.02.17"]
[Round "6"]
[White "Larribere, Hadrien"]
[Black "Montanelli, Tristan"]
[Result "1-0"]
[WhiteElo "1810"]
[BlackElo "1690"]
[PlyCount "79"]
[EventDate "2007.??.??"]
[SourceDate "2006.10.17"]

1. e4 e6 2. Nf3 a6 3. d4 b5 4. Bd3 Bb7 5. O-O Nf6 6. Re1 c5 7. c3 Be7 8. h3 d5
9. e5 Ne4 10. Nbd2 f5 11. exf6 Nxf6 12. Ng5 Bc8 13. Nxe6 Bxe6 14. Rxe6 O-O 15.
Nf3 Bd6 16. Qe2 Qc7 17. Bg5 Nbd7 18. Re1 cxd4 19. cxd4 Bb4 20. Rc1 Qa7 21. a3
Ba5 22. Rcc6 Rfe8 23. Rxe8+ Rxe8 24. Re6 Rf8 25. Bh4 Bb6 26. Qe3 Rf7 27. Bg3
Nf8 28. Rc6 Re7 29. Qd2 Ne4 30. Qb4 Nxg3 31. fxg3 a5 32. Qc3 b4 33. axb4 axb4
34. Qxb4 Rb7 35. Rc8 Rf7 36. Kh2 Ba5 37. Qb5 Qd7 38. Rxf8+ Kxf8 39. Qxa5 Qb7
40. Qd8# 1-0